A à Z : les plus petits pays - Statistiques

Statistiques générales
  • Ce quiz a été pris 111 fois
  • Le résultat moyen est 17 sur 24
Statistiques - réponses
Lettre Pays % Correct
V Vatican
95%
Y Yémen
87%
Q Qatar
86%
M Monaco
85%
Z Zimbabwe
84%
S Saint-Marin
81%
L Liechtenstein
80%
F Fidji
79%
U Uruguay
79%
T Tuvalu
78%
A Antigua-et-Barbuda
75%
H Haitï
71%
N Nauru
71%
D Djibouti
70%
R Rwanda
70%
B Barbade
69%
O Ouganda
68%
J Jamaïque
67%
E Eswatini
65%
G Grenade
62%
C Comores
60%
K Koweït
60%
I Îles Marshall
44%
P Pays-Bas
21%
Aucun quiz correspondant
Distribution des résultats
% des personnes avec chaque résultat
Percentile par nombre de réponses
Votre historique - résultats
Vous n’avez pas pris ce quiz